000 00731nam a2200289Ia 4500
005 20260324112551.0
008 008 260324s9999 xx 000 0 eng d
020 _a9781003334903
037 _aEBOOK
040 _aCRL
040 _beng
040 _cCRL
041 _2eng
041 _aeng
084 _qCRL
100 _aOmar Solorza Feria; Sathish-Kumar Kamaraj
_91143238
245 0 _aNano-electrocatalyst for Oxygen Reduction Reaction
245 0 _bFundamentals to Field Applications
260 _bTaylor and Francis
260 _c2024
365 _a
365 _b320
856 _uhttp://www.taylorfrancis.com/books/9781003334903
942 _cEBOOK
999 _c1732491
_d1732491